MARC

LEADER 00000naa0a2200000 4500
001 647452
005 20250619143410.0
035 |a (RuTPU)RU\TPU\network\12592 
035 |a RU\TPU\network\12143 
090 |a 647452 
100 |a 20160411d2016 k||y0rusy50 ba 
101 0 |a eng 
102 |a GR 
135 |a drcn ---uucaa 
181 0 |a i  
182 0 |a b 
200 1 |a Universities and Local Communities  |f T. A. Medvedeva [et al.] 
203 |a Text  |c electronic 
300 |a Title screen 
463 1 |t 8th World Conference on Educational Sciences (WCES-2016)  |o Abstracts Book, 04-06 February 2016, Madrid, Spain  |v [P. 925]  |d 2016 
610 1 |a электронный ресурс 
610 1 |a труды учёных ТПУ 
701 1 |a Medvedeva  |b T. A.  |c philosopher  |c Associate Professor of Tomsk Polytechnic University, Candidate of Philosophical Sciences  |f 1969-  |g Tatiana Aleksandrovna  |3 (RuTPU)RU\TPU\pers\33605 
701 1 |a Makarenko  |b N. I.  |c philosopher  |c Associate Professor of Tomsk Polytechnic University, Candidate of philosophical sciences  |f 1959-  |g Nataljya Ivanovna  |3 (RuTPU)RU\TPU\pers\36524 
701 1 |a Enns  |b I. A.  |g Irina Andreevna 
701 1 |a Litasova  |b V. A.  |g Viktoriya Aleksandrovna 
712 0 2 |a Национальный исследовательский Томский политехнический университет (ТПУ)  |b Институт социально-гуманитарных технологий (ИСГТ)  |b Кафедра истории и философии науки и техники (ИФНТ)  |3 (RuTPU)RU\TPU\col\21252 
801 2 |a RU  |b 63413507  |c 20160411  |g RCR 
850 |a 63413507 
856 4 |u http://www.awer-center.org/abstracts/WCES%202016%20Abstracts%20Book.pdf#page=925 
942 |c CF